000
00285nam a2200133Ia 4500
100
_a
Govt. of India
650
_a
General
942
_c
BK
654
_a
act
245
_a
Banking regulation act 49
260
_b
Ministry of laws
_a
New Delhi
_c
1981
300
_a
90
546
_a
ENGLISH
999
_c
32917
_d
32917